• 首页
  • 本馆介绍
  • 公告通知
  • 最新文献
  • 馆藏检索
  • 电子资源
  • 读者导购
  • 参考咨询
  • 我的图书馆
  • 登录
  • 详细信息显示
  • 放入我的书架
  • 预约/预借图书
  • 作者相关作品
  • 分类相关作品
  • 丛书相关作品
  • 出版社相关作品

书目信息

  • 表格格式
  • 工作单格式
  • 卡片格式
书名: Religions in practice
作者: John R. Bowen.
分册号:
分册名:
出版地: Boston :
 
出版社: Allyn and Bacon
出版时间: c1998.
页数: xii, 271 p. :
开本: 23 cm.
丛书名:
中图分类号:
科图分类号:
其他分类号: B92
主题词:
电子资源:
000 01008pam a2200289 a 450
001 E0736425924
005 20070512101157.07
008 970805s1998 maua b 001 0 eng
010    @a97033578
020    @a0205200117 (pbk.).
035    @A(DLC) 97033578
040    @aDLC@cDLC@dDLC
050 00 @aBL48@b.B625 1998
082 00 @a200@2 21
090    @aB92
099    @dB92@ex19
100 1  @aBowen, John Richard,@d1951-
245 10 @aReligions in practice :@ban approach to the anthropology of religion / @cJohn R. Bowen.
260    @aBoston :@bAllyn and Bacon,@cc1998.
300    @axii, 271 p. :@bill. ;@c23 cm.
504    @aIncludes bibliographical references (p. 257-264) and index.
650  0 @aReligion.
650  0 @aReligions.
650  0 @aEthnology@xReligious aspects.
906    @a7@bcbc@corignew@d1@eocip@f19@gy-gencatlg
955    @apc21 to sa00 08-06-97; sh16 08-06-97; sh08 8-7-97; sh38 08-08-97;CIP ver. ta06; to SL 04-03-98
991    @bc-GenColl@hBL48@i.B625 1998@tCopy 1@wBOOKS
    
    Religions in practice : : an approach to the anthropology of religion / / John R. Bowen.-Boston : : Allyn and Bacon, , c1998.
    xii, 271 p. : : ill. ; ; 23 cm.
    Includes bibliographical references (p. 257-264) and index.
    
    ISBN 0205200117 (pbk.).
    
●
相关链接 在E读中查询图书 在五车中查询图书 在当当中查询图书 在豆瓣中查询图书


正题名:Religions in practice     索取号:B92/x19         预约/预借

序号 登录号 条形码 馆藏地/架位号 状态 备注
1 0008356   300083567   第二样本阅览室/ [索取号:B92/x19] 在馆    
2 0008357   300083576   第四借阅区/ [索取号:B92/x19] 在馆    
3 0008358   300083585   第四借阅区/ [索取号:B92/x19] 在馆    
4 0008359   300083594   第四借阅区/ [索取号:B92/x19] 在馆    
唐山师范学院图书馆 欢迎您!
大连网信软件有限公司© 版权所有